000 00938nam a22003257a 4500
001 481279
003 OSt
005 20210426083304.0
008 841023r1985 nyu b 001 0 eng
010 _a 84048678
020 _a039452554X
040 _aDLC
_cDLC
_dDLC
_beng
041 _aeng
050 0 0 _aPR6005.H66
_bZ75 1985
080 _a92
_bM-84
082 0 0 _a823/.912
_aB
_219
100 1 _aMorgan, Janet P.
245 1 0 _aAgatha Christie :
_ba biography /
_c/ by: Alfred A. Knopf
250 _a1st American edition
260 _aNew York
_bAlfred A. Knopf
_c1985, c1984.
300 _axvii, 393 p. ill.
_c24 cm.
365 _b18.95 usd
500 _aIncludes index.
600 1 0 _aChristie, Agatha,
_d1890-1976.
650 0 _aAuthors, English
_y20th century
_xBiography.
650 0 _aBiography
_9237
653 _aბიოგრაფია
906 _a7
_bcbc
_corignew
_d1
_eocip
_f19
_gy-gencatlg
942 _2udc
_cBK
_e1
999 _c1338
_d1338